Risultati di ricerca su Wikipedia A-Z - Statistics

Statistiche generali
  • Questo quiz è stato fatto 61 volte
  • Il punteggio medio è 46 su 78
Statistiche sulle risposte
Letter Clue Risposta % Corretto
comune italiano, capoluogo dell’omonima città metropolitana e dell’Emilia-Romagna Bologna
98%
B club calcistico italiano di (B__) Bologna Football Club 1909
98%
C sport di squadra giocato con un pallone su un campo di gioco rettangolare, con due porte, da due squadre composte da 11 giocatori calcio
98%
politico e giornalista italiano (1883-1945), presidente del Consiglio dei ministri del Regno d’Italia, fondatore del Partito Nazionale Fascista Benito Mussolini
92%
social network Facebook
88%
H club calcistico italiano di Verona Hellas Verona Football Club
86%
poeta, scrittore e politico fiorentino, considerato il padre della lingua italiana (1265-1321) Dante Alighieri
84%
stracittadina calcistica di Milano disputata tra Inter e Milan Derby di Milano
84%
regina del Regno Unito e dei reami del Commonwealth (r. 1952-2022) Elisabetta II
84%
comune italiano, capoluogo della Toscana e dell’omonima città metropolitana Firenze
84%
comune italiano, capoluogo dell’omonima città metropolitana e della regione Liguria Genova
84%
D misura del numero di persone che abitano in una determinata area densità di popolazione
80%
E continente della Terra Europa
80%
M unità di misura della lunghezza metro
80%
comune italiano, capoluogo della Lombardia Milano
80%
comune italiano, capoluogo della Campania Napoli
80%
capitale della Francia Parigi
80%
F ciascuna zona della Terra che ha la stessa ora convenzionale fuso orario
78%
tennista italiano (2001-) Jannik Sinner
78%
J club calcistico italiano di Torino Juventus Football Club
78%
L capitale del Regno Unito e dell’Inghilterra Londra
78%
R capitale d’Italia, capoluogo dell’omonimo città metropolitana e della regione Lazio Roma
78%
comune italiano, capoluogo del Piemonte e dell’omonima città metropolitana Torino
78%
club calcistico italiano di (T__) Torino Football Club
78%
misura dell’estensione di una superficie area
76%
regione italiana a statuto ordinario Lombardia
76%
gruppo rock britannico Queen
76%
V comune italiano, capoluogo dell’omonima città metropolitana e della regione Veneto Venezia
76%
capitale degli Stati Uniti d’America Washington
76%
W enciclopedia multilingue collaborativa, online e gratuita Wikipedia
76%
politico e generale francese, primo Imperatore dei francesi (1769-1821) Napoleone Bonaparte
73%
secondo conflitto globale (1939-1945) Seconda guerra mondiale
73%
Y sito web che consente la condivisione e visualizzazione di video YouTube
73%
calciatore argentino (1987-) Lionel Messi
71%
ente radiotelevisivo pubblico italiano Rai
71%
T sport tennis
71%
politico russo, ex militare ed ex funzionario del KGB, presidente della Federazione Russa (2000-2008, 2012-oggi) Vladimir Putin
71%
studio degli eventi passati storia
69%
club calcistico italiano di (U__) Udinese Calcio
69%
capitale e stato federato dell’Austria Vienna
69%
N città degli Stati Uniti d’America nello stato di (__) New York
67%
A club calcistico italiano di Milano Associazione Calcio Milan
65%
U stato federale formato dall’unione di repubbliche socialiste (1822-1991) Unione Sovietica
65%
calciatore svedese Zlatan Ibrahimović
65%
allenatore di calcio e calciatore francese Zinédine Zidane
63%
K calciatore francese (1998-) Kylian Mbappé
59%
cantante italiana (1934-) Ornella Vanoni
57%
entità politica di carattere sovranazionale e intergovernativo situata principalmente in Europa unione europea
57%
calciatore brasiliano (1982-) Kaká
55%
diritto d’autore nei paesi di common law copyright
53%
film del 2023 diretto da Christopher Nolan Oppenheimer
53%
Q regista, sceneggiatore, attore e produttore cinematografico (1963-) Quentin Tarantino
53%
serie di film, basata sull’omonimo gruppo di Marvel Comics X-Men
53%
suddivisione amministrativa di primo livello della Repubblica Italiana regione
49%
compagnia di commercio elettronico statunitense Amazon
47%
cantante e attore statunitense (1935-1977) Elvis Presley
47%
G politico, giornalista e antifascista italiano (1885-1924) Giacomo Matteotti
47%
O manga scritto e disegnato da Eiichiro Oda One Piece
43%
dittatore e segretario generale del Partito Comunista dell’Unione Sovietica (1878-1953) Iosif Stalin
41%
presidente e dittatore della Repubblica Socialista Federale di Jugoslavia Josip Broz Tito
41%
calciatore turco Hakan Calhanoglu
39%
rapper e cantante statunitense (1998-2018) XXXTentacion
37%
Z attrice, cantante e ballerina statunitense Zendaya
37%
P abitanti di una località o regione popolazione
35%
X allenatore di calcio ed ex calciatore spagnolo Xabi Alonso
35%
calciatore svizzero Yann Sommer
27%
politico palestinese Yasser Arafat
22%
inventore, imprenditore e politico italiano Guglielmo Marconi
20%
musicista statunitense (1977-) Kanye West
20%
database online di informazioni sul cinema IMDb
16%
S ordinamento giuridico politico che a fini generali esercita il potere sovrano stato
16%
server che si interpone tra un client ed un server proxy
14%
film del 1941 diretto da Orson Welles Quarto potere
14%
unità di superficie chilometro quadrato
12%
specie di mammifero homo sapiens
12%
attore, comico, cabarettista e conduttore televisivo italiano Walter Chiari
10%
I etichetta numerica usato in reti (__) indirizzo IP
8%
attrice italiana (1962-) Margherita Buy
4%
Nessun quiz corrispondente trovato
Distribuzione punteggi
Percentuale di utenti per punteggio
Percentile per numero di risposta
I tuoi punteggi nel tempo
Non hai fatto questo quiz